ARRUPE JESUIT UNIVERSITY

CORONAVIRUS -STOP THE SPREAD - CLEAN,DISINFECT,COVER

Leaves in the wind (Record no. 121420)

MARC details
000 -LEADER
fixed length control field 00451nam a22001457a 4500
005 - DATE AND TIME OF LATEST TRANSACTION
control field 20160127112425.0
008 - FIXED-LENGTH DATA ELEMENTS--GENERAL INFORMATION
fixed length control field 141210b xxu||||| |||| 00| 0 eng d
050 ## - LIBRARY OF CONGRESS CALL NUMBER
Classification number SPC PR9390.6S754L4
100 ## - MAIN ENTRY--PERSONAL NAME
Personal name Spicer, N.H.D.
9 (RLIN) 13101
245 ## - TITLE STATEMENT
Title Leaves in the wind
Remainder of title a book of poems
Statement of responsibility, etc / N.H.D. Spicer; Lino-Cuts by D.J Avery
260 ## - PUBLICATION, DISTRIBUTION, ETC. (IMPRINT)
Place of publication, distribution, etc Salisbury
Name of publisher, distributor, etc Herald Office
Date of publication, distribution, etc 1932
300 ## - PHYSICAL DESCRIPTION
Extent 37p.
Dimensions 20cm.
700 ## - ADDED ENTRY--PERSONAL NAME
Personal name Avery, D.J. (linocuts)
9 (RLIN) 13103
942 ## - ADDED ENTRY ELEMENTS (KOHA)
Source of classification or shelving scheme Library of Congress Classification
Item type SPC
Holdings
Withdrawn status Lost status Source of classification or shelving scheme Damaged status Not for loan Home library Current library Date acquired Total Checkouts Full call number Barcode Date last seen Price effective from Koha item type Collection code Shelving location
    Library of Congress Classification     ARRUPE LIBRARY ARRUPE LIBRARY 10/12/2014   SPC 9390.6.S754.L4 46500003510 10/12/2014 10/12/2014 SPC    
    Library of Congress Classification     ARRUPE LIBRARY ARRUPE LIBRARY 27/01/2016   SPC PR9390.6S754L4 46500006041 27/01/2016 27/01/2016 SPC SPECIAL Collection Main Collection

 

Arrupe Library. PO Box MP320 Mt Pleasant, Harare, Zimbabwe
263 242 745411|librarian@aju.ac.zw